Statistics for Countries Bordering Turkey by Picture

Click here to take the quiz!

General Stats

  • This quiz has been taken 63 times
  • The average score is 7 of 8

Answer Stats

Answer % Correct
Greece
100%
Iran
93%
Georgia
91%
Syria
91%
Bulgaria
90%
Armenia
90%
Iraq
88%
Azerbaijan
84%

Score Distribution

Percentile by Number Answered

Percent of People with Each Score

Your Score History

You have not taken this quiz